000 00480nam a2200157 4500
001 123331
003 ES-MaACL
005 20230906192143.0
007 t|
008 070214s1971 sp r ||||1| spa d
100 1 _aQuetglas Moll, J.
_994588
245 1 0 _aBreve manual de cirugía plástica y estética de la cara /
_cpor Juan Quetglas.
260 _aMadrid :
_bPublicaciones Controladas,
_c1971.
300 _a210 p. :
_bil. ;
_c25 cm.
852 _aES-MaACL
_jC-40958
_bR.80064
999 _c123331
_d123331